000 00507 a2200145 4500
999 _c2216
_d2216
020 _a9781847427649
050 _aHV7419 ROB2011
100 _aRobinson, Anne
_eauthor
245 _aFoundations for offender management:
_btheory, law and policy for contemporary practice/
264 _aGreat Britain:
_bPolicy Press
_c2011
300 _a352p.:
_bill.(some col.)
500 _aIncludes bibliographical references and index
650 _aOffender management
_xManagement- Offender
942 _2lcc
_cBK
_h7419
_iROB
_kHV